[Event "Sauerland Bezirksliga 0203"]
[Site "Sauerland"]
[Date "2002.09.01"]
[Round "1"]
[White "Reininghaus, Ralf"]
[Black "Herzig, Thomas"]
[Result "1/2-1/2"]
[WhiteElo "1595"]
[BlackElo "1471"]
[PlyCount "87"]
[EventDate "2002.09.01"]
[EventType "team"]
[EventRounds "7"]
[EventCountry "GER"]
[SourceTitle "EXT 2007"]
[Source "ChessBase"]
[SourceDate "2006.11.23"]
[SourceVersion "1"]
[SourceVersionDate "2006.11.23"]
[SourceQuality "1"]
[WhiteTeam "Koenigsspringer Luedenscheid"]
[BlackTeam "Halver II"]
[WhiteTeamCountry "GER"]
[BlackTeamCountry "GER"]

1. f4 e6 2. e4 d5 3. e5 Bc5 4. d4 Bb6 5. Be3 Nc6 6. Nf3 Nge7 7. Bd3 Nb4 8. 0-0 Nxd3 9. Qxd3 Nf5 10. Bf2 0-0 11. g4 Nh6 12. Ng5 g6 13. Qh3 Kg7 14. Nxh7 Rh8 15. Bh4 Qxh4 16. Qxh4 Bxd4+ 17. Kg2 Rxh7 18. c3 Ng8 19. Qg3 Bb6 20. Nd2 Bd7 21. Nf3 c5 22. Ng5 Rh8 23. f5 exf5 24. e6 fxe6 25. Qe5+ Nf6 26. Nxe6+ Bxe6 27. g5 Bf7 28. Qxf6+ Kg8 29. Rae1 Bd8 30. Qd6 Bxg5 31. Qxc5 b6 32. Qd4 Rh4 33. Qe5 d4 34. cxd4 Rd8 35. h3 Rdxd4 36. Qg3 Bf6 37. Rxf5 Kg7 38. Ref1 Rd2+ 39. Kg1 Rxh3 40. Qxh3 gxf5 41. Qg3+ Kf8 42. Qb8+ Kg7 43. Qg3+ Kf8 44. Qb8+ 1/2-1/2

[Event "Sauerland Bezirksklasse"]
[Site "Sauerland"]
[Date "2001.03.25"]
[Round "7"]
[White "Herzig, Thomas"]
[Black "Hermaneck, Ingrid"]
[Result "0-1"]
[WhiteElo "1447"]
[BlackElo "1750"]
[PlyCount "84"]
[EventDate "2000.09.03"]
[EventType "team"]
[EventRounds "7"]
[EventCountry "GER"]
[SourceTitle "EXT 2007"]
[Source "ChessBase"]
[SourceDate "2006.11.23"]
[SourceVersion "1"]
[SourceVersionDate "2006.11.23"]
[SourceQuality "1"]
[WhiteTeam "Koenigsspringer Luedenscheid II"]
[BlackTeam "Halver II"]
[WhiteTeamCountry "GER"]
[BlackTeamCountry "GER"]

1. d4 Nf6 2. e3 g6 3. Nf3 Bg7 4. c4 b6 5. Be2 Bb7 6. a3 0-0 7. Nc3 e6 8. b4 d5 9. c5 Nbd7 10. 0-0 a5 11. Bb2 axb4 12. axb4 bxc5 13. bxc5 Re8 14. Bb5 c6 15. Be2 e5 16. Nd2 exd4 17. exd4 Rxa1 18. Bxa1 Qa5 19. Bd3 Ba6 20. Nf3 Bxd3 21. Qxd3 Qa3 22. Qc2 Nh5 23. Qa4 Ra8 24. Qxa3 Rxa3 25. Ne2 Nxc5 26. dxc5 Rxa1 27. Rxa1 Bxa1 28. Ned4 Bxd4 29. Nxd4 Kf8 30. Nxc6 Nf4 31. Nd4 Ne6 32. c6 Nc7 33. f4 Ke7 34. Kf2 Kd6 35. g4 Ne6 36. Ke3 Nxd4 37. Kxd4 Kxc6 38. h3 Kd6 39. h4 h5 40. gxh5 gxh5 41. f5 f6 42. Ke3 Ke5 0-1